01802nam a2200325 i 4500001001000000003000900010005001700019007000300036008004100039040003000080082002000110100005700130245014000187264006000327300002600387336002700413337003300440338002800473500007000501500007300571504003200644590002600676700007400702942001400776952015400790952013000944952013001074952025501204999001701459000017905DO-SdBNP20241121142700.0ta100407s1993 dr r 000 0 spa d aDO-SdBNPbspacBNPHUerda axxxxbD325r2221 aDeive, Carlos Esteban,d1935-201991916eautor4aut.14aLos restos de Colón :bdefensa del hallazgo dominicano de 1877 /cCarlos Esteban Deive ; presentación Manuel A. García Arévalo. 1aSanto Domingo :bFundación García Arévalo,c1993. a191 páginasc23 cm. atextobtxt2rdacontent asin mediaciónbn2rdamedia avolumenbnc2rdacarrier aIncluye datos biográficos del autor en la solapa de la cubierta aIncluye referencias bibliográficas y notas al pie de las páginas aBibliografía : p. 187-188 aInventariado, 2019/BT1 a García Arévalo, Manuel Antoniod1948-epresentador9594574pres. 2ddccLBS1 00102ddc51708PDaBNPHUbBNPHUcHDd2017-02-02eDonado por ICDAiLF1l0oBNPHU PD xxxx D325rp17905-10r2020-06-25w2020-06-25yLBS1ZNo se presta 00102ddc51708PDaBNPHUbBNPHUcHDd2024-11-25iLF1l0oBNPHU PD xxxx D325rp2024-6675r2024-11-25te. 2w2024-11-25yLBS1 00102ddc56708DSaBNPHUbBNPHUcHDd2024-11-25iLF1l0oBNPHU DS xxxx D325rp2024-6676r2024-11-25te. 3w2024-11-25yLBS1 00102ddc56708DSaBNPHUbBNPHUcHDd2024-11-25eDonado por la Presidencia de la República Dominicana 2023iLF1l0oBNPHU DS xxxx D325rp2024-6677r2024-11-25te. 4w2024-11-25yLBS1zPerteneció a la biblioteca personal de Emilio Cordero Michel c17429d17429